Online
Catalog

VIII feria nacional del libro : (Record no. 52600)

MARC details
000 -CABECERA
campo de control de longitud fija 00978nam a22002417a 4500
003 - IDENTIFICADOR DEL NÚMERO DE CONTROL
campo de control DO-SdBNP
005 - FECHA Y HORA DE LA ÚLTIMA TRANSACCIÓN
campo de control 20230821153648.0
007 - CAMPO FIJO DE DESCRIPCIÓN FÍSICA--INFORMACIÓN GENERAL
campo de control de longitud fija ta
008 - DATOS DE LONGITUD FIJA--INFORMACIÓN GENERAL
campo de control de longitud fija 221020b1980 dr ||||| |||| 00| 0 spa d
040 ## - FUENTE DE LA CATALOGACIÓN
Centro catalogador/agencia de origen DO-SdBNP
Lengua de catalogación spa
Centro/agencia transcriptor BNPHU
082 #4 - NÚMERO DE LA CLASIFICACIÓN DECIMAL DEWEY
Número de clasificación 021.7
Número de documento/Ítem F356s, 1980
Número de edición 22
111 2# - ENTRADA PRINCIPAL--NOMBRE DE CONGRESO/REUNIÓN
Nombre de congreso/reunión o jurisdicción como elemento de entrada Feria Nacional del Libro
Número del congreso/reunión o número de parte o sección (8ª :
Fecha del congreso/reunión 1980 : 23 abril al 30 :
Sede del congreso/Lugar de la reunión Santo Domingo)
9 (RLIN) 53138
245 10 - MENCIÓN DE TÍTULO
Título VIII feria nacional del libro :
Resto del título programa /
Mención de responsabilidad, etc. director general Carlos Esteban Deive.
246 13 - FORMA VARIANTE DE TÍTULO
Título propio/Titulo breve Octava feria nacional del ibro
260 ## - PUBLICACIÓN, DISTRIBUCIÓN, ETC.
Lugar de publicación, distribución, etc. Santo Domingo :
Nombre del editor, distribuidor, etc. Feria del libro,
Fecha de publicación, distribución, etc. 1980.
300 ## - DESCRIPCIÓN FÍSICA
Extensión 44 p. ;
Dimensiones 23 cm.
500 ## - NOTA GENERAL
Nota general Dedicado a Héctor Inchaustegui Cabral
590 ## - NOTA LOCAL (RLIN)
Nota local Inventariado, 2022/BT
611 24 - PUNTO DE ACCESO ADICIONAL DE MATERIA--NOMBRE DE REUNIÓN/CONGRESO
Nombre de congreso/reunión o jurisdicción como elemento de entrada Feria nacional del libro
Número del congreso/reunión o número de parte o sección (8ª :
Fecha del congreso/reunión 1980 :
Sede del congreso/Lugar de la reunión Santo Domingo, República Dominicana)
Subdivisión general Catálogo general
9 (RLIN) 53139
650 #4 - PUNTO DE ACCESO ADICIONAL DE MATERIA--TÉRMINO DE MATERIA
Término de materia o nombre geográfico como elemento de entrada Feria del libro
Subdivisión geográfica República Dominicana
Subdivisión general Catálogo general
Subdivisión cronológica 2003
9 (RLIN) 53140
650 #4 - PUNTO DE ACCESO ADICIONAL DE MATERIA--TÉRMINO DE MATERIA
Término de materia o nombre geográfico como elemento de entrada Industria del libro
Subdivisión geográfica República Dominicana
9 (RLIN) 53136
942 ## - ELEMENTOS DE PUNTO DE ACCESO ADICIONAL (KOHA)
Fuente del sistema de clasificación o colocación Dewey Decimal Classification
Tipo de ítem Koha Libro
Holdings
Estado de retiro Estado de pérdida Fuente del sistema de clasificación o colocación Restricciones de uso No para préstamo Código de colección Localización permanente Ubicación/localización actual Ubicación en estantería Fecha de adquisición Fuente de adquisición Total de préstamos Signatura topográfica completa Código de barras Fecha visto por última vez Precio válido a partir de Tipo de ítem Koha Número de copia
    Dewey Decimal Classification Excluido de préstamo   Patrimonio Dominicano Biblioteca Nacional Pedro Henríquez Ureña Biblioteca Nacional Pedro Henríquez Ureña En catalogación 20.10.2022 Donación   BNPHU PD 021.7 F356s, 1980 2022-4454 20.10.2022 20.10.2022 Libro  
    Dewey Decimal Classification Excluido de préstamo   Patrimonio Dominicano Biblioteca Nacional Pedro Henríquez Ureña Biblioteca Nacional Pedro Henríquez Ureña En catalogación 20.10.2022 Depósito Legal   BNPHU PD 021.7 F356s, 1980 2022-4457 20.10.2022 20.10.2022 Libro e.2

Powered by Koha